000 00476nmm a2200169Ia 4500
008 251105s9999||||xx |||||||||||||||||und||
020 _a9789560002532
041 _aspa
100 _aCasas, Jaime
245 0 _aUn esqueleto bien templado
264 _a[Santiago de Chile, Chile] :
_bLOM Ediciones,
_c2004
300 _a184 páginas
490 _aNarrativa
650 _aLatin American narrative
856 _uhttps://public.digitaliapublishing.com/a/18255
942 _cCF
999 _c93474
_d93474